Study guide for use with Intermediate accounting (Бичлэгийн дугаар. 144985)
| 000 -УДИРДЛАГА | |
|---|---|
| Удирдлага | 00988 a2200337 4500 |
| 003 - ХЯНАЛТЫН ТОО ТОДОРХОЙЛОГЧ | |
| Код | MN-UlNUM |
| 005 - БИЧИЛТ ХИЙСЭН ОГНОО | |
| Тухайн бичилтийг бичсэн засварласан сүүлийн огноо | 20251023120941.0 |
| 008 - ЕРӨНХИЙ МЭДЭЭЛЭЛ | |
| Ерөнхий мэдээлэл | 110605s1992 -us maua 001 0 eng d |
| 020 ## - ISBN | |
| ISBN | 0256107394 |
| 040 ## - БИЧЛЭГ ҮҮСГЭГЧ БАЙГУУЛЛАГА | |
| Бичлэг үүсгэгч номын сангийн код | МУИС-ийн номын сан |
| 084 ## - ББК АНГИЛАЛ | |
| ББК ангилал | 65.052 |
| Зохиогчийн гурван тэмдэгт | C 51 |
| Нэмэлт тусгалт | Сурах бичиг |
| Мэдлэгийн ялгаа | 65 - Эдийн засаг |
| 100 1# - ЗОХИОГЧ | |
| Зохиогчийн нэр | Chen, Rosita S. |
| 240 10 - Шифр - Номын наалт, тайланд хэрэглэх | |
| Ангилалын дугаар /Зохиогчийн 3 тэмдэгт | 65.052 C 51 |
| 245 10 - ҮНДСЭН ГАРЧИГ | |
| Номын нэр | Study guide for use with Intermediate accounting |
| Бага гарчгийн мэдээ | Volume 1: Chapters 1 - 14 |
| Оролцогчдын тухай мэдээ | Larry B. Christensen. |
| 250 ## - ДАХИН ХЭВЛЭЛТ | |
| Дахин гаралтын дугаар | revised ed. |
| 260 ## - ГАРАЛТЫН МЭДЭЭ | |
| Хэвлэгдсэн газар | Boston |
| Хэвлэлийн газар | Homewood, IL : Irwin |
| Хэвлэгдсэн он | 1992 |
| 300 ## - МАТЕРИАЛЫН ТОДОРХОЙЛОЛТ | |
| хуудасны тоо | 328 p. : |
| 500 ## - Тайлбар | |
| Дансны дугаар | БС 5553 |
| 546 ## - ХЭЛНИЙ ТУХАЙ МЭДЭЭ | |
| Хэл | Англи хэл дээр, |
| 653 ## - Түлхүүр үг | |
| Түлхүүр үг | psychology |
| 653 ## - Түлхүүр үг | |
| Түлхүүр үг | experiments |
| 653 ## - Түлхүүр үг | |
| Түлхүүр үг | textbooks |
| 700 ## - ХАМ ЗОХИОГЧИД | |
| Ба бус | Thomas R. Dyckman |
| 700 ## - ХАМ ЗОХИОГЧИД | |
| Ба бус | Roland E. Dukes, |
| 700 ## - ХАМ ЗОХИОГЧИД | |
| Ба бус | Charles J. Davis |
| 740 ## - НОМЫН ГАРЧИГ | |
| Гарчиг | The environment of accounting |
| 740 ## - НОМЫН ГАРЧИГ | |
| Гарчиг | The FASB's conceptual framework of accounting |
| 740 ## - НОМЫН ГАРЧИГ | |
| Гарчиг | Review: The accounting information processing system |
| 942 ## - ЭЛЕМЕНТИЙН ТӨРӨЛ | |
| Зүйлийн төрөл | Ном |
